The Phaidon atlas of contemporary world architecture.

Dades bibliogràfiques
Autor corporatiu: Phaidon Press
Format: Llibre
Idioma:English
Publicat: London ; New York, NY : Phaidon Press, 2004.
Edició:Comprehensive edition.
Matèries:
Classic Catalogue: View this record in Classic Catalogue
LEADER 01262nam a2200277 a 4500
001 0020847
003 BD-DhAAL
008 100824s2004 enkab c 001 0 eng d
010 |a  2005533910 
020 |a 0714843121 
040 |a DLC  |c DLC  |d BD-DhAAL 
082 0 0 |a 724.7  |2 22  
245 0 4 |a The Phaidon atlas of contemporary world architecture. 
250 |a Comprehensive edition. 
260 |a London ;  |a New York, NY :  |b Phaidon Press,  |c 2004. 
300 |a 809 p. :  |b ill. (some col.), col. maps ;  |c 46 cm 
500 |a Includes index. 
526 |a ARC  |x Fuad H. Mallick, PhD Professor and Dean School of Architecture and Design BRAC University 
541 1 |e 00020847  |a Essence Science Publications 
650 0 |a Architecture, Modern  |y 20th century.  |9 32385 
650 0 |a Architecture, Modern  |y 21st century.  |9 32386 
710 2 |a Phaidon Press.  |9 32387 
852 4 |a Ayesha Abed Library   |c General Stacks 
942 |2 ddc  |c BK 
999 |c 9311  |d 9311 
952 |0 0  |1 0  |2 ddc  |4 0  |6 724_700000000000000_PHA_2004  |7 1  |9 11736  |a BRACUL  |b BRACUL  |c REF  |d 2010-08-24  |e Essence Science Publications  |g 15990.00  |l 2  |m 1  |o 724.7 PHA  |p 3010020847  |r 2016-06-21  |s 2016-06-09  |t 1  |v 31980.00  |w 2010-08-24  |y BK  |x Requisitioned by Fuad H. Mallick, Professor and Dean, School of Architecture and Design, BRAC University